| 000 | 00721nam a22002417a 4500 | ||
|---|---|---|---|
| 001 | 000599 | ||
| 003 | DO-SdBNP | ||
| 005 | 20221104095655.0 | ||
| 007 | 000599 | ||
| 008 | 161026b 2005 sp ag || 00| 0 spa d | ||
| 020 | _a9875501298 | ||
| 040 |
_aBPMSU _bspa _cBPMSU |
||
| 082 | 4 |
_a861.3 _bQ5s 2005 _222 |
|
| 100 | 1 |
_aQuevedo, Francisco de _d1580-1645 |
|
| 245 | 1 | 0 |
_aSonetos amor y otros poemas / _cFrancisco Quevedo ; seleccion y prólogo Beatriz Stilman. |
| 260 |
_aBuenos Aires : _bLongseller, _c2005. |
||
| 300 |
_a267 p. ; _c18 cm. |
||
| 490 | 0 |
_aClásico de siempre _apoesía |
|
| 650 | 4 | _aPoesía española | |
| 700 | 1 |
_aStilman, Beatriz, _epról |
|
| 910 | _aLOPEREZ/VMateo V./Validado | ||
| 942 |
_2ddc _cBK |
||
| 999 |
_c11684 _d11684 |
||